[Event "IM Ajvatovica"]
[Site "Donji Vakuf BIH"]
[Date "2001.06.17"]
[Round "4"]
[White "Dumpor,A"]
[Black "Kosic,D"]
[Result "0-1"]
[WhiteElo "2301"]
[BlackElo "2508"]

1.c4 e6 2.Nf3 d5 3.d4 c6 4.Qc2 Nf6 5.g3 dxc4 6.Qxc4 b5 7.Qc2 Bb7 8.Bg2 Nbd7
9.O-O c5 10.Rd1 Qb6 11.a4 a6 12.axb5 axb5 13.Rxa8+ Bxa8 14.Nbd2 Be7 15.dxc5 Bxc5
16.e3 O-O 17.Nb3 Be4 18.Qe2 Qb7 19.Na5 Qa8 20.Bd2 b4 21.Nc4 Rc8 22.Ne1 Bxg2
23.Nxg2 Qa6 24.Rc1 Bf8 25.Qf1 Ne4 26.Be1 Ne5 27.b3 Nf3+ 28.Kh1 Qa2 29.Qd3 Qxf2
30.Bxb4 Qxg3 31.hxg3 Nxg3+  0-1

[Event "White Nights"]
[Site "St Petersburg RUS"]
[Date "2001.06.17"]
[Round "9"]
[White "Iljushin,A"]
[Black "Klimov,S"]
[Result "1/2-1/2"]
[WhiteElo "2536"]
[BlackElo "2438"]

1.c4 e6 2.Nf3 d5 3.g3 Nf6 4.b3 c5 5.cxd5 exd5 6.d4 cxd4 7.Bg2 Bb4+ 8.Bd2 Bc5
9.b4 Bb6 10.O-O a6 11.Na3 O-O 12.Nc2 Nc6 13.a4 Bf5 14.b5 axb5 15.axb5 Rxa1
16.Qxa1 Bxc2 17.bxc6 bxc6 18.Nxd4 Be4 19.Nxc6 Qe8 20.Ne5 Bxg2 21.Kxg2 d4
22.Qa6 Qxe5 23.Qxb6 Re8 24.Re1 Qd5+ 25.f3 h5 26.Qa6 Rb8 27.Rc1 Qf5 28.Rc4 Qd7
29.Rc2 Nd5 30.Qd3 Qe6 31.Rc4 Re8  1/2-1/2

[Event "1st Asean Open"]
[Site "Bandar Seri Begawan BRU"]
[Date "2001.07.04"]
[Round "9"]
[White "Sitanggang,S"]
[Black "Senador,E"]
[Result "0-1"]
[WhiteElo "2387"]
[BlackElo "2433"]

1.c4 e6 2.Nf3 d5 3.d4 c5 4.cxd5 exd5 5.Nc3 Nc6 6.Bf4 Nf6 7.e3 c4 8.Be2 Qb6
9.Qc1 Bf5 10.O-O Be7 11.Be5 Rd8 12.b3 cxb3 13.axb3 O-O 14.Qb2 Ne4 15.Bd3 Nb4
16.Bb1 Rc8 17.Nxe4 Bxe4 18.Qa3 a6 19.Qa4 Qe6 20.Ng5 Qg4 21.Nxe4 dxe4 22.h3 Qe6
23.Bg3 h5 24.Qa5 b5 25.Bc2 Qc6 26.Bd6 f5 27.d5 Qxd5 28.Bd1 Rc6 29.Qa3 Rfc8
30.Qb2 Bf8 31.Qe2 Rc1 32.g3 Rxd1 33.Kh1 f4 34.gxf4 Rcc1 35.Kg2 Qf5 36.Kh2 Qg6  0-1

[Event "Open"]
[Site "Andorra AND"]
[Date "2001.07.06"]
[Round "7"]
[White "Rasmussen,K"]
[Black "Amura,C"]
[Result "1-0"]
[WhiteElo "2415"]
[BlackElo "2360"]

1.c4 e6 2.Nf3 d5 3.e3 c6 4.d4 f5 5.Bd3 Nf6 6.O-O Bd6 7.b3 Qe7 8.a4 Ne4 9.Ba3 Nd7
10.Bxd6 Qxd6 11.Ne1 O-O 12.f3 Nef6 13.Nc3 f4 14.Nc2 fxe3 15.c5 Qe7 16.Qe2 b6
17.cxb6 axb6 18.Rae1 e5 19.Qxe3 Re8 20.dxe5 Qxe5 21.Qd2 Qh5 22.Rxe8+ Nxe8
23.Re1 Nef6 24.Qf4 Nc5 25.Bf1 Nxb3 26.Qb4 Nd2 27.Qxb6 Bd7 28.Qe3 Nxf1 29.Rxf1 Qg6
30.Qd2 Rb8 31.Rb1 Rxb1+ 32.Nxb1 c5 33.a5 Bb5 34.Nc3 Bd3 35.Na3 d4 36.Na4 Nd7
37.Qa2+ c4 38.Nb2 Ne5 39.f4 Be4 40.Nbxc4 Nxc4 41.Qxc4+ Kf8 42.Qc5+ Ke8 43.g3 Qc6
44.Qxc6+ Bxc6 45.Kf2 Kd7 46.Nc2 Kc7 47.Nxd4 Bd7 48.Ke3 Kb7 49.f5  1-0

[Event "Open"]
[Site "Andorra AND"]
[Date "2001.07.07"]
[Round "8"]
[White "Narciso Dublan,M"]
[Black "Berkovich,M"]
[Result "1-0"]
[WhiteElo "2544"]
[BlackElo "2413"]

1.c4 e6 2.Nf3 d5 3.g3 Nf6 4.Bg2 Bd6 5.O-O O-O 6.d4 c6 7.Nc3 Nbd7 8.e4 Nxe4
9.Nxe4 dxe4 10.Ng5 Nf6 11.Nxe4 Nxe4 12.Bxe4 h6 13.Bd2 Bd7 14.Re1 f5 15.Bg2 f4
16.Re4 fxg3 17.hxg3 Rf6 18.Bc3 Rf7 19.Qd2 Qf8 20.Rae1 c5 21.Bh3 cxd4 22.Rxd4 e5
23.Rxd6 Bxh3 24.Bxe5 Re8 25.Qd5 Kh7 26.f4 Rfe7 27.c5 Be6 28.Qe4+ Bf5 29.Qc4 Be6
30.Qe4+ Bf5 31.Qa4 Qf7 32.Qxa7 g5 33.Qa4 Qh5 34.Qd1 Qh3 35.Qf3 Rg8 36.Re3 gxf4
37.Bxf4 Rxe3 38.Qxe3 Bg6 39.Re6 Rd8 40.Re7+ Kg8 41.Qb3+  1-0

[Event "Open"]
[Site "Karvina CZE"]
[Date "2001.07.07"]
[Round "8"]
[White "Szymanski,M"]
[Black "Antoshik,A"]
[Result "1-0"]
[WhiteElo "2359"]
[BlackElo "2206"]

1.c4 e6 2.Nf3 d5 3.g3 Nf6 4.Bg2 Be7 5.O-O O-O 6.d4 c5 7.cxd5 exd5 8.Nc3 Nc6
9.Bg5 c4 10.Ne5 Be6 11.f4 Ng4 12.Bxe7 Nxe7 13.Qd2 Nxe5 14.fxe5 Qd7 15.e4 Rad8
16.exd5 Bxd5 17.Rad1 Bxg2 18.Qxg2 Nd5 19.Rfe1 Nxc3 20.bxc3 Qd5 21.Rb1 b5
22.Rb2 a6 23.a4 f6 24.exf6 Rxf6 25.axb5 Qxg2+ 26.Kxg2 Rb6 27.Re7 axb5 28.Ra2 h6
29.Raa7 Rg6 30.Reb7 Rd5 31.Rc7 h5 32.h4 Rg4 33.Rc5 Rxc5 34.dxc5 Kf8 35.c6  1-0

[Event "FSIMA July"]
[Site "Budapest HUN"]
[Date "2001.07.08"]
[Round "7"]
[White "Farago,S"]
[Black "Blokhuis,J"]
[Result "1/2-1/2"]
[WhiteElo "2329"]
[BlackElo "2341"]

1.c4 e6 2.Nf3 d5 3.g3 Nf6 4.Bg2 Nbd7 5.b3 Be7 6.Bb2 O-O 7.d3 c5 8.O-O b6
9.cxd5 exd5 10.Nh4 Rb8 11.Nf5 Bb7 12.Nd2 Re8 13.Nxe7+ Qxe7 14.e3 Ne5 15.Nf3 Nxf3+
16.Bxf3 Qd6 17.Rc1 Rec8 18.Re1 Qe6 19.Rc2 Qf5 20.Kg2 Rd8 21.Rd2 Bc8 22.Kg1 Qg6
23.e4 d4 24.Bg2 h5 25.h3 Nh7 26.Kh2 Bb7 27.f4 Qh6 28.Rf2 f5 29.exf5 Nf6 30.Re5 Rd7
31.Qe1 Qh7 32.Re8+  1/2-1/2

[Event "ch-NOR"]
[Site "Kristiansund NOR"]
[Date "2001.07.09"]
[Round "3"]
[White "Hansen,TR"]
[Black "Lahlum,H"]
[Result "0-1"]
[WhiteElo "2244"]
[BlackElo "2227"]

1.c4 e6 2.Nf3 d5 3.g3 c6 4.b3 Nf6 5.Bb2 Nbd7 6.Bg2 Bd6 7.O-O O-O 8.Nc3 Qe7
9.Rb1 a6 10.d3 b5 11.e4 dxe4 12.dxe4 Bb7 13.Qe2 e5 14.Rbd1 Rfd8 15.Nh4 g6
16.Nf3 Bc5 17.Nb1 Nh5 18.Bh3 f6 19.a3 Nf8 20.b4 Bb6 21.c5 Bc7 22.Nh4 Rxd1
23.Rxd1 Ng7 24.Ng2 Bc8 25.Bxc8 Rxc8 26.Ne3 Rd8 27.Nc3 Nge6 28.Ned5 Qf7 29.Nxc7 Qxc7
30.Nb1 a5 31.Rxd8 Qxd8 32.Qd2 Qxd2 33.Nxd2 a4 34.Kf1 Kf7 35.Ke2 Nd7 36.Ke3 Ng7
37.Nf3 Ne6 38.Ne1 Nd8 39.Nd3 Ke6 40.f4 Nf7 41.Ne1 f5 42.exf5+ Kxf5 43.Nf3 Ke6
44.h3 Kd5 45.Nd2 Nh6 46.g4 exf4+ 47.Kxf4 Nf7 48.Bg7 Nde5 49.Ne4 h5 50.gxh5 gxh5
51.Nf6+ Ke6 52.Nxh5 Nc4 53.h4 Nxa3 54.Ke4 Nc4 55.Nf4+ Ke7 56.Nd3 a3 57.h5 Nd2+
58.Kf5 Nb3 59.h6 Nxh6+ 60.Ke4 a2 61.Bc3 Nf7 62.Nf4 Ng5+ 63.Kd3 a1=Q 64.Bxa1 Nxa1
65.Kc3 Kf6 66.Kb2 Ke5 67.Ng6+ Kf6 68.Nf4 Ne6 69.Ne2 Ke5 70.Kxa1 Nd4 71.Nc3 Nc2+
72.Kb2 Nxb4 73.Ka3 Nd3 74.Kb3 Kd4 75.Ne2+ Kxc5 76.Ng3 Kd5 77.Nf5 c5 78.Ne7+ Kd6
79.Nc8+ Kc6 80.Ne7+ Kb6  0-1

[Event "ch-SCO"]
[Site "Aberdeen SCO"]
[Date "2001.07.10"]
[Round "4"]
[White "Norris,A"]
[Black "Bryson,D"]
[Result "1/2-1/2"]
[WhiteElo "2304"]
[BlackElo "2375"]

1.c4 e6 2.Nf3 d5 3.g3 Nf6 4.Bg2 Be7 5.O-O O-O 6.Qc2 c5 7.cxd5 exd5 8.d4 c4
9.b3 cxb3 10.Qxb3 Nc6 11.Ba3 Bg4 12.e3 Bxa3 13.Qxa3 Re8 14.Nc3 Qd7 15.Qb3 Rad8
16.Rab1 Na5 17.Qb5 Nc4 18.Ne5 Nxe5 19.dxe5 Rxe5 20.Qxb7 Re7 21.Qxd7 Rexd7
22.Nb5 Be2 23.Rfe1 Bd3 24.Rb3 Bc4 25.Rbb1 Bxa2 26.Ra1 a6 27.Rxa2 axb5 28.Rb1 Rb7
29.Rab2 Rdb8 30.Rb4 Kf8 31.Bf1 Ke7 32.Rxb5 Rxb5 33.Rxb5 Rxb5 34.Bxb5 Kd6
35.Kg2 Kc5 36.Bd3 d4 37.exd4+ Kxd4 38.Bb1 h6 39.Ba2 Nd5 40.Kf3 f5  1/2-1/2

[Event "ch-SCO"]
[Site "Aberdeen SCO"]
[Date "2001.07.10"]
[Round "4"]
[White "McNab,C"]
[Black "Berry,N"]
[Result "1/2-1/2"]
[WhiteElo "2437"]
[BlackElo "2256"]

1.c4 e6 2.Nf3 d5 3.b3 c5 4.Bb2 d4 5.e3 Nc6 6.exd4 cxd4 7.g3 e5 8.Bg2 Bd6
9.O-O Nf6 10.d3 O-O 11.Na3 Re8 12.Nc2 a5 13.a3 Nd7 14.Rb1 Nc5 15.b4 Na4 16.Qd2 Qf6
17.Ba1 Bg4 18.Ng5 Nc3 19.Ne4 Nxe4 20.Bxe4 axb4 21.Nxb4 Nxb4 22.axb4 Bf3 23.Rfe1 Bxe4
24.Rxe4 Qf3 25.c5 Bc7 26.Rbe1 Rf8 27.Bb2 f5 28.R4e2 Ra6 29.b5 Rh6 30.Bxd4 Qh5
31.Qa2+ Kh8 32.h4 exd4 33.Re7 Bxg3 34.fxg3 Qf3 35.Qf2 Qxd3 36.Rxb7 Rg6 37.Kh2 Qc4
38.c6 f4 39.gxf4 d3 40.c7 Rgf6 41.Rf1 d2 42.Rb8 Qxc7 43.Rxf8+ Rxf8 44.Qxd2 h6
45.Rf3 Rb8 46.Rd3 Qb6 47.Rd5 Qf6 48.Kg3 Qg6+ 49.Kf3 Qf6 50.Kg3 Qg6+ 51.Kf3  1/2-1/2

[Event "Australian Masters"]
[Site "Melbourne AUS"]
[Date "2001.07.10"]
[Round "4"]
[White "Johansen,D"]
[Black "Bjelobrk,I"]
[Result "1-0"]
[WhiteElo "2524"]
[BlackElo "2197"]

1.c4 e6 2.Nf3 d5 3.d4 Nf6 4.Nc3 c6 5.cxd5 exd5 6.Bg5 Nbd7 7.e3 Be7 8.Qc2 Nf8
9.Bd3 Ne6 10.Bh4 g6 11.O-O O-O 12.Rfc1 Ng7 13.Bxf6 Bxf6 14.b4 b6 15.b5 c5
16.Nxd5 Bb7 17.Nxf6+ Qxf6 18.Be4 Bxe4 19.Qxe4 Rfe8 20.Qc6 Ne6 21.dxc5 Rac8
22.Qd7 Nxc5 23.Qd4 Qe6 24.Qc4 Qf6 25.Rab1 Rcd8 26.Rd1 Rc8 27.Rbc1 Qb2 28.Rc2 Qf6
29.h4 Qf5 30.Rd5 Qf6 31.Qd4 Qe7 32.Rc4 Qb7 33.h5 Ne6 34.Rxc8 Qxc8 35.Qd2 Qc4
36.Ne5 Qe4 37.Nd7 Qb1+ 38.Kh2 Rc8 39.h6 Qa1 40.Ne5 Re8 41.f4 f6 42.Nc6 Qb1
43.Rd7 Qxb5 44.Qd6 Qh5+ 45.Kg3 Qc5 46.Ne7+ Kf8 47.Nd5+  1-0

[Event "ch-NOR"]
[Site "Kristiansund NOR"]
[Date "2001.07.11"]
[Round "6"]
[White "Gausel,E"]
[Black "Lahlum,H"]
[Result "1-0"]
[WhiteElo "2520"]
[BlackElo "2227"]

1.c4 e6 2.Nf3 d5 3.g3 c6 4.Qc2 dxc4 5.Qxc4 b5 6.Qb3 Bb7 7.Bg2 a6 8.O-O c5
9.d3 Nf6 10.a4 Qb6 11.Na3 Nbd7 12.Bg5 Bd5 13.Qc2 Be7 14.Nb1 O-O 15.Nc3 Bc6
16.Rfc1 Rac8 17.h3 Qb7 18.Kh2 h6 19.Be3 Nd5 20.Nxd5 Bxd5 21.Qd2 Rfd8 22.Ne1 Bxg2
23.Nxg2 Nf6 24.axb5 axb5 25.b4 Nd7 26.bxc5 Bxc5 27.Bxc5 Rxc5 28.Rcb1 Rb8
29.Rb4 Qc6 30.Ne3 Nb6 31.Ra6 Ra8 32.Rxa8+ Nxa8 33.d4 Rc1 34.d5 exd5 35.Nxd5 Qc5
36.Rf4 Rc4 37.Rf5 Kh7 38.Nf6+ gxf6 39.Rxc5 Rxc5 40.Qd4 Rc8 41.Qxf6 Rc7 42.Qf5+  1-0

[Event "ch-SCO"]
[Site "Aberdeen SCO"]
[Date "2001.07.12"]
[Round "6"]
[White "McNab,C"]
[Black "Norris,A"]
[Result "0-1"]
[WhiteElo "2437"]
[BlackElo "2304"]

1.c4 e6 2.Nf3 d5 3.b3 Nf6 4.g3 c5 5.Bg2 Nc6 6.e3 Be7 7.O-O O-O 8.Bb2 d4 9.exd4 cxd4
10.Re1 Ne8 11.d3 f6 12.Na3 e5 13.Nc2 Nc7 14.Qd2 a5 15.a3 Na6 16.b4 axb4 17.axb4 Ncxb4
18.Nfxd4 exd4 19.Ba3 Nxc2 20.Bxe7 Nxe1 21.Bxd8 Nxg2 22.Bb6 Bh3 23.Qe2 g6
24.Rb1 Rae8 25.Qf3 Ne1 26.Qxb7 Nb4 27.Ba5 Rb8 28.Qe4 Rbe8 29.Qb7 Nbxd3 30.Qd5+ Kh8
31.c5 Re5 32.Qb7 Rfe8 33.Qc6 R5e6 34.Qd5 Re4  0-1

[Event "ch-SUI"]
[Site "Scuol SUI"]
[Date "2001.07.16"]
[Round "5"]
[White "Zuelle,B"]
[Black "Kaenel,H"]
[Result "0-1"]
[WhiteElo "2114"]
[BlackElo "2426"]

1.c4 e6 2.Nf3 d5 3.cxd5 exd5 4.d4 c6 5.Nc3 Bf5 6.e3 Nd7 7.Bd3 Bxd3 8.Qxd3 Ngf6
9.O-O Be7 10.Rb1 a5 11.b3 O-O 12.Bd2 Bb4 13.a4 Qe7 14.Ne2 Bd6 15.Ng3 g6 16.Bc3 Ne4
17.Nd2 Nxc3 18.Qxc3 f5 19.Qd3 Rae8 20.Nf3 Bb4 21.Ne2 g5 22.g3 h6 23.Kg2 Bd6
24.Nc3 Kg7 25.h4 g4 26.Ng1 Rf7 27.Nge2 Nf8 28.Rh1 Ng6 29.Qd2 Bb4 30.Qc2 Qe6
31.Na2 Bd6 32.Nac3 Nf8 33.Qd2 Nh7 34.Nc1 Nf6 35.Qc2 Nh5 36.Qd2 Bb4 37.N1e2 Qe7
38.Qc2 Qd7 39.Na2 Bd6 40.b4 axb4 41.Nxb4 Ra8 42.Nd3 Qe7 43.Nc5 Bxc5 44.dxc5 Nf6
45.Qxf5 Qe4+ 46.Qxe4 Nxe4 47.Nf4 Rxa4 48.Ra1 Rxa1 49.Rxa1 Nxc5 50.Ra8 Rd7
51.h5 d4 52.exd4 Rxd4 53.Ra5 b5 54.Ra7+ Rd7 55.Rxd7+ Nxd7 56.f3 gxf3+ 57.Kxf3 Kf6
58.Ke4 Nc5+ 59.Ke3 Ne6 60.Nd3 Kf5 61.g4+ Kxg4 62.Ne5+ Kxh5 63.Nxc6 Kg4 64.Ne5+ Kg3
65.Kd3 h5 66.Ng6 Nf4+  0-1

[Event "Czech Open"]
[Site "Pardubice CZE"]
[Date "2001.07.20"]
[Round "1"]
[White "Konopka,M"]
[Black "Ubushiev,A"]
[Result "1-0"]
[WhiteElo "2479"]
[BlackElo "2265"]

1.Nf3 e6 2.c4 d5 3.d4 c6 4.Qc2 f5 5.g3 Nf6 6.Bg2 Bd6 7.O-O O-O 8.Bf4 Bxf4
9.gxf4 Nbd7 10.e3 Ne4 11.Nbd2 Nxd2 12.Qxd2 b6 13.Rac1 Bb7 14.Rfd1 Rc8 15.b4 Qe7
16.c5 Ba6 17.a4 Bc4 18.Qc2 bxc5 19.bxc5 Rb8 20.Rb1 Qd8 21.Nd2 Be2 22.Re1 Rxb1
23.Qxb1 Ba6 24.Qb4 Qc7 25.Nb3 Rb8 26.Qa5 Qc8 27.Nd2 Rb2 28.Rb1 Rxb1+ 29.Nxb1 Qb7
30.Nd2 Nf6 31.Qd8+ Kf7 32.h3 Be2 33.Bf1 Qa6 34.Nf3 Ne8 35.Ne5+ Kf8 36.Qd7  1-0

[Event "Czech Open"]
[Site "Pardubice CZE"]
[Date "2001.07.21"]
[Round "2"]
[White "Egeli,P"]
[Black "Duppel,M"]
[Result "1/2-1/2"]
[WhiteElo "2317"]
[BlackElo "2455"]

1.c4 e6 2.Nf3 d5 3.b3 c5 4.Bb2 Nc6 5.cxd5 exd5 6.e3 Nf6 7.Be2 a6 8.d3 Bd6
9.Nbd2 O-O 10.a3 Re8 11.O-O d4 12.exd4 cxd4 13.b4 Bc7 14.Re1 Bf5 15.Rc1 Qd6
16.Bf1 Rxe1 17.Qxe1 Re8 18.Qd1 Ng4 19.g3 Qh6 20.Qc2 Bb6 21.Nc4 Ba7 22.Qd2 Qxd2
23.Nfxd2 Rd8 24.Nb3 Nge5 25.Nxe5 Nxe5 26.Nc5 Bxc5 27.Rxc5 Nxd3 28.Bxd3 Bxd3
29.Bxd4 f6 30.Be3 Be4 31.f3 Bxf3 32.a4 Bd1 33.a5 Ba4 34.Rc7 Bc6 35.b5 Bxb5
36.Rxb7 Rd1+ 37.Kf2 Rh1 38.h4 Rh2+ 39.Kg1 Ra2 40.Bb6 h5 41.Rc7 Kh7 42.Rc5 Kg6
43.Bc7 Bd3 44.Rd5 Be4 45.Rc5 Bf3 46.Rc3 Bd5 47.Rc5 Rd2 48.Bf4 Rd3 49.Kf2 Kf5
50.Ke2 Ke4 51.Rc7 Ra3 52.Rxg7 Rxa5 53.Kd2 Rb5 54.Rh7 Bb7 55.Rf7 Kf5 56.Bg5 Kg4
57.Bxf6 Kxg3 58.Rg7+ Kf3 59.Rg5 Rxg5  1/2-1/2

[Event "Zhong Hong Real Estate Cup"]
[Site "Beijing CHN"]
[Date "2001.07.22"]
[Round "3"]
[White "Wu Wenjin"]
[Black "Datu,I"]
[Result "1/2-1/2"]
[WhiteElo "2560"]
[BlackElo "2445"]

1.c4 e6 2.Nf3 d5 3.d4 Nf6 4.Nc3 c6 5.Bg5 Nbd7 6.e3 Qa5 7.Nd2 Bb4 8.Qc2 dxc4
9.Bxf6 Nxf6 10.Nxc4 Qd5 11.Nd2 Bxc3 12.bxc3 Qh5 13.Bd3 O-O 14.Ne4 Nxe4 15.Bxe4 f5
16.Bd3 Qe8 17.f4 Qe7 18.O-O c5 19.Rad1 Bd7 20.e4 cxd4 21.cxd4 Rac8 22.Qb3 fxe4
23.Bxe4 Bc6  1/2-1/2

[Event "Open"]
[Site "Novosibirsk RUS"]
[Date "2001.07.23"]
[Round "5"]
[White "Akselrod,V"]
[Black "Yudin,S"]
[Result "1-0"]
[WhiteElo "2415"]
[BlackElo "2288"]

1.Nf3 e6 2.c4 d5 3.d4 c6 4.Nc3 Nf6 5.Bg5 dxc4 6.e3 Bb4 7.Bxc4 Qa5 8.Bxf6 gxf6
9.Rc1 Nd7 10.O-O Nb6 11.Bd3 Nd5 12.Nxd5 cxd5 13.a3 Bd6 14.Nh4 Bd7 15.Qh5 Qb6
16.Qh6 Ke7 17.b4 a6 18.Rc3 Bb5 19.Bxb5 axb5 20.Rfc1 Qd8 21.f4 Qd7 22.Nf3 Rac8
23.Ne5 Rxc3 24.Rxc3 fxe5 25.fxe5 Rc8 26.Qf6+ Ke8 27.exd6 Qd8 28.Rxc8  1-0

[Event "MTO"]
[Site "Biel SUI"]
[Date "2001.07.25"]
[Round "3"]
[White "Campanile,A"]
[Black "Prasad,D"]
[Result "0-1"]
[WhiteElo "2157"]
[BlackElo "2440"]

1.c4 e6 2.Nf3 d5 3.b3 c5 4.g3 Nc6 5.Bg2 Nf6 6.O-O Be7 7.Bb2 d4 8.e3 e5 9.d3 O-O
10.Qe2 Re8 11.Nbd2 Bf8 12.e4 g6 13.Rfb1 Nh5 14.Ne1 a5 15.Nf1 Bh6 16.h4 Ng7
17.Bf3 f5 18.Ng2 Qf6 19.Nh2 Bd7 20.a4 Re7 21.Rf1 Rf8 22.Rae1 Ne8 23.g4 fxg4
24.Bxg4 Bf4 25.Bxd7 Rxd7 26.Bc1 h5 27.f3 Nc7 28.Nxf4 exf4 29.Qf2 Ne5 30.Rd1 Na6
31.Ba3 Rd6 32.Rd2 Rb6 33.Rb1 Rc8 34.Kh1 Rcc6 35.Kg1 Nb4 36.Rbd1 Kh7 37.Kh1 Rc7
38.Kg1 g5 39.hxg5 Qxg5+ 40.Kh1 Rg7 41.Qf1 Qh4 42.Bxb4 Rxb4 43.Rb1 Rg3 44.Rf2 Rb6
45.Qe2 Rh3 46.Rg1 Rxb3 47.Rfg2 Rg3 48.Qe1 Nxf3 49.Qxa5 Qxh2+  0-1

[Event "MTO"]
[Site "Biel SUI"]
[Date "2001.07.26"]
[Round "4"]
[White "Gutkin,B"]
[Black "Bagirov,R"]
[Result "1/2-1/2"]
[WhiteElo "2295"]
[BlackElo "2458"]

1.c4 e6 2.Nf3 d5 3.d4 Nf6 4.Nc3 Bb4 5.cxd5 exd5 6.Bg5 Nbd7 7.e3 c5 8.Bxf6 Nxf6
9.Bb5+ Bd7 10.Bxd7+ Qxd7 11.Ne5 Qb5 12.Qe2 Qa5 13.O-O O-O 14.dxc5 Bxc3 15.bxc3 Qxc5
16.Qb2 b6 17.Rac1 Rfe8 18.c4 Qc7 19.f4 Qc5 20.Rfe1 Rac8 21.cxd5 Qxd5 22.Qb3 Qxb3
23.axb3 Ne4 24.b4 Nc3 25.Rc2 f6 26.Nd3 Red8 27.Nf2 Nd5 28.Ra2 Nxb4 29.Rxa7 Nc2
30.Re2 Nxe3 31.Rxe3 Rc1+ 32.Nd1 Rcxd1+ 33.Kf2 R1d2+ 34.Kf3 R8d3 35.Rxd3 Rxd3+
36.Ke2 Rd5 37.Rb7 b5 38.g4 h5 39.h3 Kh7 40.Ke3 Rc5 41.Ke4 h4 42.Kd3 Kh6 43.Rb8 Kg6
44.Rb7 Kh7 45.Rb8 f5 46.gxf5 Rxf5 47.Ke4 Rc5 48.Kf3 g5 49.fxg5 Rxg5 50.Kf4 Rc5
51.Kg4 Rc4+ 52.Kg5 b4 53.Kf6 Rd4 54.Ke5  1/2-1/2

[Event "Continental Open"]
[Site "Las Vegas USA"]
[Date "2001.07.26"]
[Round "1"]
[White "Betaneli,A"]
[Black "Lputian,S"]
[Result "0-1"]
[WhiteElo "2248"]
[BlackElo "2608"]

1.c4 e6 2.Nf3 d5 3.d4 Nf6 4.Nc3 Be7 5.Bg5 h6 6.Bxf6 Bxf6 7.e3 a6 8.cxd5 exd5
9.Bd3 c6 10.h3 Be6 11.O-O Nd7 12.Rb1 h5 13.Qc2 g5 14.Bf5 g4 15.Bxe6 fxe6
16.hxg4 hxg4 17.Qg6+ Ke7 18.Qxg4 Qf8 19.Qf4 Qg7 20.Rfe1 Raf8 21.Kf1 Kd8 22.Qg3 Qh7
23.e4 Rfg8 24.Qf4 Rxg2 25.Ke2 Rf8 26.Qe3 c5 27.Rh1 Qg6 28.e5 cxd4 29.Qxd4 Bxe5
30.Qh4+ Bf6 31.Qh7 Qg4 32.Qd3 Nc5  0-1

[Event "Czech Open"]
[Site "Pardubice CZE"]
[Date "2001.07.27"]
[Round "8"]
[White "Chernyshov,K"]
[Black "Haba,P"]
[Result "0-1"]
[WhiteElo "2561"]
[BlackElo "2482"]

1.c4 e6 2.Nf3 d5 3.g3 Nf6 4.Bg2 Be7 5.O-O O-O 6.b3 b6 7.Bb2 Bb7 8.cxd5 Nxd5
9.d4 Nd7 10.Nbd2 c5 11.Qb1 cxd4 12.Nxd4 Rc8 13.Nc4 a6 14.e4 Nb4 15.Rd1 Qc7
16.a3 Nc6 17.Nxc6 Bxc6 18.Bd4 b5 19.Ne3 Bf6 20.Qb2 Bxd4 21.Rxd4 Bb7 22.Rd2 Rfd8
23.Rc2 Qe5 24.Qxe5 Nxe5 25.Rac1 g5 26.Rc7 Rxc7 27.Rxc7 Rd7 28.Rxd7 Nxd7 29.b4 Ne5
30.f3 Kf8 31.Kf2 f6 32.Ke2 Ke7 33.Kd2 Bc8 34.Kc3 Kd6 35.Nc2 h5 36.Kd4 h4
37.f4 Ng4 38.gxh4 gxf4 39.h5 Nh6 40.Ne1 e5+ 41.Kc3 Bg4 42.Nd3 f3 43.Bf1 Bxh5
44.Nc5 Ng4 45.Nxa6 Nxh2 46.Bxb5 f2 47.Nc5 Be8 48.Bc4 f1=Q 49.Bxf1 Nxf1 50.a4 Ng3
51.a5 Bg6 52.Nd3 Nxe4+  0-1

[Event "Tan Lian Ann cup"]
[Site "Tianjin CHN"]
[Date "2001.07.28"]
[Round "14"]
[White "Chi Fengtong"]
[Black "Altanoch,G"]
[Result "0-1"]
[WhiteElo "2275"]
[BlackElo "2295"]

1.c4 e6 2.Nf3 d5 3.b3 Nf6 4.Bb2 Be7 5.g3 O-O 6.Bg2 Nbd7 7.O-O c6 8.e3 a5
9.Nc3 Re8 10.d4 b6 11.Ne5 Nxe5 12.dxe5 Nd7 13.cxd5 exd5 14.e4 Ba6 15.Re1 Nxe5
16.exd5 Nd3 17.d6 Qxd6 18.Ne4 Qg6 19.Re2 Rad8  0-1

[Event "Open"]
[Site "Novosibirsk RUS"]
[Date "2001.07.29"]
[Round "11"]
[White "Isanbaev,R"]
[Black "Nam,K"]
[Result "1-0"]
[WhiteElo "2362"]
[BlackElo "2134"]

1.c4 e6 2.Nf3 d5 3.g3 Nf6 4.Bg2 g6 5.O-O Bg7 6.d4 O-O 7.Nc3 c6 8.Bg5 h6 9.Bf4 Nbd7
10.Qc2 dxc4 11.a4 Nd5 12.Bd6 Re8 13.Rfd1 Qa5 14.Nd2 N7b6 15.e3 e5 16.Nxd5 cxd5
17.b4 Qa6 18.dxe5 Bf5 19.e4 dxe4 20.Nxe4 Rad8 21.f4 Nc8 22.Bc5 Qe6 23.Qc3 b6
24.Bf2 Bxe4 25.Bxe4 Ne7 26.Qc2 Nc6 27.b5 Nb4 28.Qc3 Bf8 29.Kg2 Nd5 30.Qf3 Nb4
31.Be1 h5 32.Bxb4 Bxb4 33.Bd5 Qf5 34.Bxc4 Qc2+ 35.Qe2 Qxe2+ 36.Bxe2 Kf8 37.Rac1 Bc5
38.Kf3 Ke7 39.Bc4 Rxd1 40.Rxd1 Rc8 41.e6 fxe6 42.Re1 Bb4 43.Rxe6+ Kd7 44.Bd5 Rc2
45.Rxg6 Rxh2 46.Rh6 Be1 47.Bc6+ Ke7 48.Rh7+ Kf6 49.Rh6+ Kg7 50.Re6 Rf2+ 51.Ke3 Ra2
52.Re7+ Kf6 53.Rxa7 Ra3+ 54.Ke4 Bf2 55.f5 Rxg3 56.Bd5 Re3+ 57.Kf4 Re7 58.Ra8 Be3+
59.Kf3 Kxf5 60.Be4+ Rxe4 61.Rf8+ Ke5 62.Re8+  1-0

[Event "HZ Open"]
[Site "Vlissingen NED"]
[Date "2001.07.31"]
[Round "5"]
[White "Werle,J"]
[Black "Mueller,Di"]
[Result "1-0"]
[WhiteElo "2412"]
[BlackElo "2183"]

1.Nf3 e6 2.c4 d5 3.d4 c6 4.Qc2 f5 5.Bf4 Bd6 6.Bxd6 Qxd6 7.Nbd2 Nf6 8.e3 Ne4
9.Be2 Nd7 10.O-O O-O 11.Ne1 Nxd2 12.Qxd2 e5 13.dxe5 Nxe5 14.Nf3 Be6 15.Ng5 Rfd8
16.Rfd1 Bc8 17.cxd5 Qf6 18.Qc3 cxd5 19.Qd4 Qe7 20.Bf3 Nxf3+ 21.Nxf3 b6 22.Rac1 Qd6
23.Qh4 Bb7 24.Nd4 Qe5 25.Qg3 Qxg3 26.hxg3 Bc8 27.Rc7 Bd7 28.Rdc1 Kf8 29.R1c3 b5
30.Rb7 a6 31.Kf1 Bc8 32.Rbc7 Bd7 33.Ke2 Ke8 34.Kd2 Rdc8 35.R3c5 Rxc7 36.Rxc7 Ke7
37.Rb7 g6 38.Rb6 Bc8 39.b4 Bd7 40.Nb3 Bc8 41.Kd3 Ra7 42.Kd4 Rd7 43.Nc5 Rd6
44.Rb8 Rc6 45.Kxd5 Rd6+ 46.Ke5 Rc6 47.Ra8 Rc7 48.f3 Rc6 49.Ra7+ Kd8 50.Rxh7 g5
51.e4 fxe4 52.fxe4 Rg6 53.Kd5 g4 54.e5 Bf5 55.Nb7+ Kc8 56.Nc5 Bb1 57.a3 Ba2+
58.Ke4 Bb1+ 59.Kf4 Rg8 60.Ra7 Rf8+  1-0

[Event "Open"]
[Site "Korinthos GRE"]
[Date "2001.08.01"]
[Round "5"]
[White "Khurtsidze,N"]
[Black "Panagiotopoulos,O"]
[Result "1-0"]
[WhiteElo "2446"]
[BlackElo "2170"]

1.c4 e6 2.Nf3 d5 3.e3 Nf6 4.b3 Be7 5.Bb2 O-O 6.Be2 Nbd7 7.cxd5 Nxd5 8.O-O b6
9.a3 Bb7 10.b4 c5 11.bxc5 Nxc5 12.d4 Ne4 13.Bd3 Ng5 14.Nbd2 Nxf3+ 15.Nxf3 f5
16.Qe2 Bd6 17.Ba6 Qe7 18.Rfc1 Rac8 19.a4 Nb4 20.Bxb7 Qxb7 21.Ba3 Rxc1+ 22.Rxc1 Rc8
23.Rxc8+ Qxc8 24.g3 Qc6 25.Qb5 Qxb5 26.axb5 Kf7 27.Bxb4 Bxb4 28.Ne5+ Kf6
29.Nc6 Bc3 30.f3 g5 31.g4 h5 32.h3 hxg4 33.hxg4 e5 34.gxf5 exd4 35.Nxd4 Ke5
36.Kf2 Bd2 37.Ke2 Bc3 38.Kd3 Be1 39.e4 Bf2 40.Nc6+ Kf4 41.Ke2 Bc5 42.Nd8 Be7
43.Ne6+ Ke5 44.Kf2 Bf6 45.Kg3 Kd6 46.Kg4 a5 47.bxa6 Kc6 48.f4  1-0

[Event "Valoz Cup"]
[Site "Olomouc CZE"]
[Date "2001.08.02"]
[Round "1"]
[White "Sergeev,Vl"]
[Black "Bazant,P jr"]
[Result "1/2-1/2"]
[WhiteElo "2498"]
[BlackElo "2337"]

1.c4 e6 2.Nf3 d5 3.g3 Nf6 4.Bg2 Bd6 5.O-O O-O 6.d4 c6 7.Nbd2 Nbd7 8.Qc2 e5
9.cxd5 Nxd5 10.a3 exd4 11.Nxd4 N7b6 12.e4 Ne7 13.N2f3 Ng6 14.b3 Bg4 15.Bb2 Qc7
16.Nd2 Rad8 17.f4 Bd7 18.Nf5 f6 19.Nxd6 Qxd6 20.Nf3 Bg4 21.Rad1 Qe7 22.Bd4 Rfe8
23.Bc5 Qc7 24.h3 Bc8 25.a4 Rxd1 26.Rxd1 Rd8 27.Kf2 Rxd1 28.Qxd1 Nd7 29.Qd6 Qxd6
30.Bxd6 c5 31.Bf1 Kf7 32.Bc4+ Ke8 33.Bg8 h6 34.f5 Nge5 35.Nd2 b6 36.Bd5 Ba6
37.Ke3 Nf7 38.Bc7 Ke7 39.g4 Nfe5 40.Be6 Nc6 41.Nc4 Bxc4 42.Bxc4 Nde5 43.Bb5 Nd4
44.Bxe5 fxe5 45.Bc4 Kf6 46.h4 Nc2+ 47.Kf2 Nd4 48.Bd5 Nc2 49.Ke2 Nb4 50.Bb7 Nc2
51.Kd3 Nd4 52.Kc4 Nf3 53.Kb5 Ke7 54.Ka6 Kd6 55.Kxa7 Kc7 56.g5 hxg5 57.hxg5 Nxg5
58.Ka6 Nf7 59.Ba8 Nd6 60.Bd5 Nc8 61.a5 bxa5 62.Kxa5 Ne7 63.Bf7 Kd6 64.Kb5 Nc6
65.Be8 Nd4+ 66.Kc4 Nf3 67.Kd3  1/2-1/2

[Event "MTO"]
[Site "Biel SUI"]
[Date "2001.08.03"]
[Round "11"]
[White "Kolbus,D"]
[Black "Raetsky,A"]
[Result "1/2-1/2"]
[WhiteElo "2310"]
[BlackElo "2452"]

1.c4 e6 2.Nf3 d5 3.d4 dxc4 4.e3 Nf6 5.Bxc4 a6 6.a4 c5 7.O-O Nc6 8.Qe2 cxd4
9.Rd1 Be7 10.exd4 O-O 11.Nc3 Nb4 12.Bg5 Re8 13.Ne5 Nfd5 14.Bxe7 Rxe7 15.Bb3 b6
16.Nxd5 exd5 17.Qf3 Bb7 18.Rac1 a5 19.Rc3 Qd6 20.Ng4 Rae8 21.Ne3 g6 22.Qg3 Qxg3
23.hxg3 h5 24.Rd2 Kg7 25.Bd1 Rc8 26.Rxc8 Bxc8 27.Bf3 Be6 28.Nc2 Rc7 29.Nxb4 axb4
30.Kf1 Rc1+ 31.Ke2 Ra1 32.Kd3 Bf5+ 33.Ke3 Re1+ 34.Re2 Rd1 35.Rd2 Re1+ 36.Re2 Rd1
37.Rd2 Re1+ 38.Re2 Rd1 39.Rd2 Re1+  1/2-1/2

[Event "Nordic Championships"]
[Site "Bergen NOR"]
[Date "2001.08.04"]
[Round "1"]
[White "Agrest,E"]
[Black "Gabrielsen,T"]
[Result "1-0"]
[WhiteElo "2529"]
[BlackElo "2217"]

1.c4 e6 2.Nf3 d5 3.d4 c6 4.e3 Nf6 5.Bd3 Nbd7 6.O-O Bd6 7.Nc3 dxc4 8.Bxc4 O-O
9.a4 e5 10.a5 Qe7 11.g3 e4 12.Nh4 g6 13.f3 c5 14.Qc2 exf3 15.Rxf3 Kg7 16.Bd2 b5
17.Bxb5 Bb7 18.Rff1 Rad8 19.Rae1 Ng4 20.Nf3 Ndf6 21.a6 Ba8 22.d5 Nxd5 23.Nxd5 Bxd5
24.e4 Ba8 25.Ba5 Rb8 26.Bc4 Ne5 27.Bc3 f6 28.Bd5 Rfc8 29.Re2 Bc6 30.Nxe5 Bxe5
31.Ref2 Bxd5 32.exd5 Rb6 33.Qe2 Re8 34.Qc4 Bxc3 35.bxc3 Qe3 36.Rd1 Rb2 37.Qf4 Qxf4
38.gxf4 Rb6 39.Ra2 Rd8 40.Ra5 Rdd6 41.Rxc5 Rxa6 42.Rc7+ Kh6 43.Rd2 Ra1+ 44.Kg2 Rc1
45.c4 a5 46.c5 Rd8 47.d6  1-0